000 00667nam a2200217Ia 4500
003 GCL
008 140319s9999 xx 000 0 ara d
040 _aGCL /
_cGCL
082 0 4 _aم
_b103
_bف م
100 1 _aجلال العشرى
245 1 0 _aالموسوعة الفلسفية المختصرة /
_cجلال العشرى
700 1 _aفؤاد كامل
700 1 _aزكى نجيب محمود
700 1 _aعبدالرشيد الصادق
260 _aبيروت :
_bدار القلم
300 _a611 ص ؛
_c26 سم
490 _aالالف كتاب
_v0
650 0 4 _aالفلسفة
650 0 4 _aالفلسفة - موسوعات
942 _2ddc
_cREF
999 _c59695
_d59695